Radial-piston pump for drive of test machines; IOP Conference Series: Materials Science and Engineering; Vol. 289 : Modern Technologies for Non-Destructive Testing

Detaylı Bibliyografya
Parent link:IOP Conference Series: Materials Science and Engineering
Vol. 289 : Modern Technologies for Non-Destructive Testing.— 2018.— [012014, 7 p.]
Kurumsal yazarlar: Национальный исследовательский Томский политехнический университет Школа базовой инженерной подготовки Отделение математики и информатики, Национальный исследовательский Томский политехнический университет Инженерная школа новых производственных технологий Отделение материаловедения
Diğer Yazarlar: Nizhegorodov A. I., Gavrilin A. N. Aleksei Nikolaevich, Moyzes B. B. Boris Borisovich, Cherkasov A. I. Aleksanr Ivanovich, Zharkevich O. M., Zhetessova G. S., Savelyeva N. A.
Özet:Title screen
The article reviews the development of radial-piston pump with phase control and alternating-flow mode for seismic-testing platforms and other test machines. The prospects for use of the developed device are proved. It is noted that the method of frequency modulation with the detection of the natural frequencies is easily realized by using the radial-piston pump. The prospects of further research are given proof.
Dil:İngilizce
Baskı/Yayın Bilgisi: 2018
Konular:
Online Erişim:http://dx.doi.org/10.1088/1757-899X/289/1/012014
http://earchive.tpu.ru/handle/11683/47012
Materyal Türü: MixedMaterials Elektronik Kitap Bölümü
KOHA link:https://koha.lib.tpu.ru/cgi-bin/koha/opac-detail.pl?biblionumber=657671

MARC

LEADER 00000nla2a2200000 4500
001 657671
005 20231214135227.0
035 |a (RuTPU)RU\TPU\network\24323 
035 |a RU\TPU\network\24321 
090 |a 657671 
100 |a 20180305a2018 k y0engy50 ba 
101 0 |a eng 
102 |a GB 
105 |a y z 100zy 
135 |a drgn ---uucaa 
181 0 |a i  
182 0 |a b 
200 1 |a Radial-piston pump for drive of test machines  |f A. I. Nizhegorodov [et al.] 
203 |a Text  |c electronic 
300 |a Title screen 
320 |a [References: 16tit.] 
330 |a The article reviews the development of radial-piston pump with phase control and alternating-flow mode for seismic-testing platforms and other test machines. The prospects for use of the developed device are proved. It is noted that the method of frequency modulation with the detection of the natural frequencies is easily realized by using the radial-piston pump. The prospects of further research are given proof. 
461 0 |0 (RuTPU)RU\TPU\network\2008  |t IOP Conference Series: Materials Science and Engineering 
463 0 |0 (RuTPU)RU\TPU\network\24148  |t Vol. 289 : Modern Technologies for Non-Destructive Testing  |o 6th International Conference, 9–14 October 2017, Tomsk, Russian Federation  |o [proceedings]  |v [012014, 7 p.]  |d 2018 
610 1 |a электронный ресурс 
610 1 |a труды учёных ТПУ 
610 1 |a насосы 
610 1 |a приводы 
610 1 |a радиально-поршневые насосы 
610 1 |a вибрации 
610 1 |a динамические нагрузки 
610 1 |a синергетические эффекты 
610 1 |a вибростойкость 
610 1 |a сейсмическая устойчивость 
610 1 |a гидравлические приводы 
701 1 |a Nizhegorodov  |b A. I. 
701 1 |a Gavrilin  |b A. N.  |c Specialist in the field of mechanical engineering  |c Associate Professor of Tomsk Polytechnic University, Candidate of technical sciences  |f 1960-  |g Aleksei Nikolaevich  |3 (RuTPU)RU\TPU\pers\33397  |9 17091 
701 1 |a Moyzes  |b B. B.  |c specialist in the field of mechanical engineering  |c Associate Professor of Tomsk Polytechnic University, Candidate of technical sciences  |f 1975-  |g Boris Borisovich  |3 (RuTPU)RU\TPU\pers\32979 
701 1 |a Cherkasov  |b A. I.  |c specialist in the field of mechanical engineering  |c senior lecturer of Tomsk Polytechnic University  |f 1972-  |g Aleksanr Ivanovich  |3 (RuTPU)RU\TPU\pers\34643 
701 1 |a Zharkevich  |b O. M. 
701 1 |a Zhetessova  |b G. S. 
701 1 |a Savelyeva  |b N. A. 
712 0 2 |a Национальный исследовательский Томский политехнический университет  |b Школа базовой инженерной подготовки  |b Отделение математики и информатики  |3 (RuTPU)RU\TPU\col\23555 
712 0 2 |a Национальный исследовательский Томский политехнический университет  |b Инженерная школа новых производственных технологий  |b Отделение материаловедения  |3 (RuTPU)RU\TPU\col\23508 
801 2 |a RU  |b 63413507  |c 20180329  |g RCR 
856 4 |u http://dx.doi.org/10.1088/1757-899X/289/1/012014 
856 4 |u http://earchive.tpu.ru/handle/11683/47012 
942 |c CF